NPCR 1 Lesson 2 Key Sentences M-C - Statistics

General Stats
  • This quiz has been taken 18 times
  • The average score is 2 of 6
Answer Stats
Meaning Character % Correct
I want coffee 我要咖啡
60%
they are both fine 他们都很好
40%
are you busy? 你忙吗?
40%
I'm not busy 我不忙
40%
do you want coffee? 你要咖啡吗?
20%
We all drink coffee 我们都喝咖啡
20%
No matching quizzes found
Score Distribution
Percent of People with Each Score
Percentile by Number Answered
Your Score History
You have not taken this quiz